000 00304nam a22001337a 4500
008 171017b xxu||||| |||| 00| 0 eng d
020 _a0471576875
041 _aeng
080 _24TH
_a331.101.262
100 _a52
101 _aBNJ
245 _aHUMAN RESOURCE MANAGEMENT
_cCENZO,D.A
942 _2udc
_cBK
999 _c34362
_d34362